[Event "CYCC U08 w"]
[Site "Quebec CAN"]
[Date "2008.07.15"]
[Round "3"]
[White "Gao, Christine"]
[Black "Wang, Emily"]
[Result "1/2-1/2"]
[WhiteElo "873"]
[BlackElo "702"]
[PlyCount "148"]
[GameId "2160767910353851"]
[EventDate "2008.07.14"]
[EventType "swiss"]
[EventRounds "7"]
[EventCountry "CAN"]
[SourceTitle "EXT 2011"]
[Source "ChessBase"]
[SourceDate "2011.11.26"]
[SourceVersion "1"]
[SourceVersionDate "2011.11.26"]
[SourceQuality "1"]

1. e4 e5 2. Nf3 Nc6 3. d4 Nxd4 4. Nxd4 exd4 5. Qxd4 Nf6 6. Bc4 d6 7. O-O Be7 8. Nc3 O-O 9. Bf4 c5 10. Qd3 Be6 11. Nd5 Bxd5 12. Bxd5 Nxd5 13. exd5 Bg5 14. Bxg5 Qxg5 15. h3 Rfe8 16. Rae1 h6 17. Re2 Re5 18. Rxe5 Qxe5 19. c3 Qf6 20. Re1 Qd8 21. b4 Rc8 22. Re4 Rc7 23. Qe3 Rc8 24. bxc5 dxc5 25. c4 Qd7 26. Qg3 b5 27. Qe5 bxc4 28. Rxc4 a5 29. Rg4 f6 30. Qe6+ Qxe6 31. dxe6 c4 32. Rd4 c3 33. Rd1 c2 34. Rc1 Kf8 35. Kf1 Ke7 36. Ke2 Kxe6 37. Kd2 Rd8+ 38. Kxc2 Rc8+ 39. Kd2 Rd8+ 40. Ke2 Rb8 41. Rc2 Kd7 42. g4 g5 43. Ke3 Rc8 44. Rxc8 Kxc8 45. f4 Kd7 46. fxg5 fxg5 47. Kd3 Kd6 48. Kd4 Ke6 49. Ke4 Kf6 50. a4 Kg6 51. Kf3 h5 52. gxh5+ Kxh5 53. Kg3 Kg6 54. h4 gxh4+ 55. Kxh4 Kf6 56. Kg4 Ke5 57. Kf3 Kd4 58. Ke2 Kc4 59. Kd2 Kb4 60. Kc2 Kxa4 61. Kb2 Kb4 62. Ka2 a4 63. Kb2 a3+ 64. Ka2 Ka4 65. Ka1 Kb3 66. Kb1 Kc4 67. Ka2 Kb4 68. Ka1 Kc3 69. Ka2 Kb4 70. Ka1 Kb3 71. Kb1 Ka4 72. Ka2 Kb4 73. Ka1 Kc3 74. Ka2 Kb4 1/2-1/2

[Event "CYCC U08 w"]
[Site "Quebec CAN"]
[Date "2008.07.15"]
[Round "3"]
[White "MacInnis, Maggie Rose"]
[Black "Wang, Kelly"]
[Result "0-1"]
[WhiteElo "910"]
[BlackElo "1388"]
[PlyCount "142"]
[GameId "2160767910353852"]
[EventDate "2008.07.14"]
[EventType "swiss"]
[EventRounds "7"]
[EventCountry "CAN"]
[SourceTitle "EXT 2011"]
[Source "ChessBase"]
[SourceDate "2011.11.26"]
[SourceVersion "1"]
[SourceVersionDate "2011.11.26"]
[SourceQuality "1"]

1. e4 c5 2. Nf3 d6 3. d4 cxd4 4. Nxd4 Nf6 5. Nc3 g6 6. Qf3 Bg4 7. Qg3 Bg7 8. Bb5+ Bd7 9. Bxd7+ Nbxd7 10. Be3 O-O 11. O-O Nc5 12. Rad1 Ncxe4 13. Nxe4 Nxe4 14. Qf4 Nc5 15. Nb3 Nxb3 16. cxb3 Bxb2 17. Bc5 Qc7 18. Bb4 Bg7 19. Rc1 Qb6 20. Bc3 Rac8 21. Bxg7 Kxg7 22. Qg4 Rxc1 23. Rxc1 f5 24. Qf3 e5 25. Qc3 Rd8 26. Kh1 Rd7 27. f4 Qd4 28. Qc8 Rf7 29. fxe5 Qxe5 30. Rf1 Re7 31. h3 Qg3 32. Qd8 Re1 33. Rxe1 Qxe1+ 34. Kh2 Qe5+ 35. Kh1 Qa1+ 36. Kh2 Qe5+ 37. Kg1 Kf7 38. Qd7+ Qe7 39. Qb5 Qe1+ 40. Kh2 Qe5+ 41. Qxe5 dxe5 42. a4 Ke6 43. b4 Kd5 44. b5 Kc5 45. g4 Kb4 46. gxf5 gxf5 47. h4 Kxa4 48. h5 Kxb5 49. Kg3 f4+ 50. Kg4 a5 51. Kf5 f3 52. Kf6 f2 53. Kg7 f1=Q 54. Kxh7 e4 55. h6 e3 56. Kg7 Qg2+ 57. Kh7 e2 58. Kh8 e1=Q 59. Kh7 Qe7+ 60. Kh8 Qb2+ 61. Kg8 Qbg7+ 62. hxg7 a4 63. Kh8 Qxg7+ 64. Kxg7 a3 65. Kf6 a2 66. Ke5 a1=Q+ 67. Kd5 Qb2 68. Ke6 Kc6 69. Ke7 Qe2+ 70. Kd8 b6 71. Kc8 Qe8# 0-1

[Event "CYCC U08 w"]
[Site "Quebec CAN"]
[Date "2008.07.15"]
[Round "3"]
[White "Peng, Janet"]
[Black "Bilodeau Savaria, Cendrina"]
[Result "0-1"]
[WhiteElo "1009"]
[BlackElo "1046"]
[PlyCount "62"]
[GameId "2160767910353853"]
[EventDate "2008.07.14"]
[EventType "swiss"]
[EventRounds "7"]
[EventCountry "CAN"]
[SourceTitle "EXT 2011"]
[Source "ChessBase"]
[SourceDate "2011.11.26"]
[SourceVersion "1"]
[SourceVersionDate "2011.11.26"]
[SourceQuality "1"]

1. e4 c5 2. Nf3 d6 3. Bc4 e5 4. d3 Nf6 5. Ng5 d5 6. exd5 Nxd5 7. Bxd5 Qxd5 8. Nc3 Qc6 9. O-O h6 10. Nge4 Be7 11. Qe2 O-O 12. a4 Qe6 13. b3 a6 14. Ba3 b6 15. h3 Bb7 16. Qg4 f5 17. Qh5 fxe4 18. dxe4 Nd7 19. Rfd1 Nf6 20. Rd3 Nxh5 21. g4 Nf6 22. Rad1 Bxe4 23. Nxe4 Nxe4 24. Bb2 Nxf2 25. Re3 Nxd1 26. Rxe5 Qc6 27. Rxe7 Nxb2 28. h4 Qf3 29. Kh2 Rad8 30. Re1 Rd2+ 31. Kg1 Qg2# 0-1

[Event "CYCC U08 w"]
[Site "Quebec CAN"]
[Date "2008.07.15"]
[Round "4"]
[White "Bilodeau Savaria, Cendrina"]
[Black "MacInnis, Maggie Rose"]
[Result "1-0"]
[WhiteElo "1046"]
[BlackElo "910"]
[PlyCount "85"]
[GameId "2160767910353854"]
[EventDate "2008.07.14"]
[EventType "swiss"]
[EventRounds "7"]
[EventCountry "CAN"]
[SourceTitle "EXT 2011"]
[Source "ChessBase"]
[SourceDate "2011.11.26"]
[SourceVersion "1"]
[SourceVersionDate "2011.11.26"]
[SourceQuality "1"]

1. d4 d5 2. c4 e6 3. Nc3 Be7 4. Nf3 Nf6 5. Bg5 h6 6. Bh4 O-O 7. e3 Ne4 8. Bxe7 Nxc3 9. bxc3 Qxe7 10. Be2 dxc4 11. Bxc4 e5 12. dxe5 Nc6 13. Qe2 Rd8 14. O-O Nxe5 15. h3 Nxf3+ 16. Qxf3 Qg5 17. Rfd1 Rxd1+ 18. Rxd1 Bf5 19. Rd5 g6 20. e4 c6 21. Rc5 b5 22. Bb3 Bxe4 23. Qxf7+ Kh8 24. Rxg5 hxg5 25. Qf6+ Kh7 26. Qe7+ Kh6 27. Qxe4 a5 28. Bc2 Rg8 29. g4 Kh7 30. Qxc6 b4 31. cxb4 axb4 32. Qb6 Kh6 33. Qxb4 Re8 34. Qd6 Rg8 35. a4 Kh7 36. a5 Rg7 37. a6 Kh8 38. Qb6 Rg8 39. a7 Re8 40. Qxg6 Re1+ 41. Kg2 Rg1+ 42. Kf3 Rxg4 43. Qh7# 1-0

[Event "CYCC U08 w"]
[Site "Quebec CAN"]
[Date "2008.07.15"]
[Round "4"]
[White "Gao, Christine"]
[Black "Peng, Janet"]
[Result "1-0"]
[WhiteElo "873"]
[BlackElo "1009"]
[PlyCount "51"]
[GameId "2160767910353855"]
[EventDate "2008.07.14"]
[EventType "swiss"]
[EventRounds "7"]
[EventCountry "CAN"]
[SourceTitle "EXT 2011"]
[Source "ChessBase"]
[SourceDate "2011.11.26"]
[SourceVersion "1"]
[SourceVersionDate "2011.11.26"]
[SourceQuality "1"]

1. e4 e5 2. Nf3 Nf6 3. Nc3 Bc5 4. d4 exd4 5. Nxd4 Bxd4 6. Qxd4 Nc6 7. Qd1 O-O 8. Be2 d6 9. O-O Bg4 10. Bxg4 Nxg4 11. Qxg4 Ne5 12. Qg3 a5 13. Bh6 Ng6 14. Bg5 Qd7 15. Nd5 Qb5 16. Nxc7 Qxb2 17. Nxa8 Qxc2 18. Nb6 Re8 19. f3 Re5 20. Bf4 Nxf4 21. Qxf4 Rc5 22. Qxd6 g5 23. e5 Rb5 24. Rac1 Qe2 25. Rc8+ Kg7 26. Qf6# 1-0

[Event "CYCC U08 w"]
[Site "Quebec CAN"]
[Date "2008.07.15"]
[Round "4"]
[White "Wang, Emily"]
[Black "Rakov, Anna"]
[Result "1-0"]
[WhiteElo "702"]
[BlackElo "497"]
[PlyCount "77"]
[GameId "2160767910353856"]
[EventDate "2008.07.14"]
[EventType "swiss"]
[EventRounds "7"]
[EventCountry "CAN"]
[SourceTitle "EXT 2011"]
[Source "ChessBase"]
[SourceDate "2011.11.26"]
[SourceVersion "1"]
[SourceVersionDate "2011.11.26"]
[SourceQuality "1"]

1. e4 e5 2. Nf3 Nc6 3. Nc3 f6 4. Bb5 a6 5. Bxc6 dxc6 6. d4 c5 7. dxe5 Qe7 8. exf6 Qxf6 9. O-O Bg4 10. Be3 Bxf3 11. Qxf3 Qe7 12. Rad1 Nf6 13. Rd2 Qf7 14. Rfd1 Rb8 15. b3 Rc8 16. Rd3 Bd6 17. Bf4 Bxf4 18. Qxf4 Qe7 19. e5 Ng8 20. Nd5 Qd8 21. Nf6+ gxf6 22. Rxd8+ Rxd8 23. Qf3 Rxd1+ 24. Qxd1 fxe5 25. Qe2 Kd8 26. Qxe5 Ne7 27. Qxh8+ Kd7 28. Qxh7 Ke6 29. g4 a5 30. g5 b5 31. g6 Kd7 32. g7 Ke8 33. g8=Q+ Kd7 34. Qg4+ Kd6 35. Qge4 Kd7 36. Qhxe7+ Kc8 37. Q4e5 Kb7 38. Q7xc7+ Ka6 39. Qed6# 1-0

[Event "CYCC U08 w"]
[Site "Quebec CAN"]
[Date "2008.07.15"]
[Round "4"]
[White "Wang, Kelly"]
[Black "Brichko, Kate"]
[Result "1-0"]
[WhiteElo "1388"]
[BlackElo "816"]
[PlyCount "39"]
[GameId "2160767910353857"]
[EventDate "2008.07.14"]
[EventType "swiss"]
[EventRounds "7"]
[EventCountry "CAN"]
[SourceTitle "EXT 2011"]
[Source "ChessBase"]
[SourceDate "2011.11.26"]
[SourceVersion "1"]
[SourceVersionDate "2011.11.26"]
[SourceQuality "1"]

1. e4 e5 2. Nf3 Nc6 3. Bc4 Nf6 4. Ng5 d5 5. exd5 Nxd5 6. Qf3 f6 7. Bxd5 Ne7 8. Bf7+ Kd7 9. Ne6 e4 10. Qxe4 f5 11. Qd3+ Nd5 12. Qxd5+ Bd6 13. Nxd8 Kxd8 14. O-O h5 15. Re1 g5 16. d3 h4 17. Bxg5+ Kd7 18. Re7+ Kd8 19. Qxd6+ cxd6 20. Rxb7# 1-0

[Event "CYCC U08 w"]
[Site "Quebec CAN"]
[Date "2008.07.16"]
[Round "5"]
[White "Brichko, Kate"]
[Black "Bilodeau Savaria, Cendrina"]
[Result "0-1"]
[WhiteElo "816"]
[BlackElo "1046"]
[PlyCount "73"]
[GameId "2160767910353858"]
[EventDate "2008.07.14"]
[EventType "swiss"]
[EventRounds "7"]
[EventCountry "CAN"]
[SourceTitle "EXT 2011"]
[Source "ChessBase"]
[SourceDate "2011.11.26"]
[SourceVersion "1"]
[SourceVersionDate "2011.11.26"]
[SourceQuality "1"]

1. e4 c5 2. Bc4 d6 3. Nf3 e5 4. Nc3 h6 5. d4 cxd4 6. Nxd4 exd4 7. Qxd4 Nc6 8. Bb5 a6 9. Bxc6+ bxc6 10. Be3 Be6 11. Qd2 Be7 12. Rd1 Nf6 13. Na4 c5 14. Rf1 Nxe4 15. Qe2 Qa5+ 16. Bd2 Nxd2 17. Rxd2 Qxa4 18. b3 Qc6 19. f3 c4 20. a4 cxb3 21. cxb3 Bxb3 22. Qe3 Bxa4 23. Re2 Qd7 24. Kf2 Bb5 25. Rfe1 Bxe2 26. Qxe2 a5 27. Qb2 O-O 28. g4 Bh4+ 29. Kf1 Bxe1 30. Kxe1 a4 31. h4 a3 32. Qa2 Qe6+ 33. Qe2 a2 34. Qxe6 a1=Q+ 35. Kf2 fxe6 36. Kg3 Qg1+ 37. Kh3 0-1

[Event "CYCC U08 w"]
[Site "Quebec CAN"]
[Date "2008.07.16"]
[Round "5"]
[White "MacInnis, Maggie Rose"]
[Black "Gao, Christine"]
[Result "0-1"]
[WhiteElo "910"]
[BlackElo "873"]
[PlyCount "58"]
[GameId "2160767910353859"]
[EventDate "2008.07.14"]
[EventType "swiss"]
[EventRounds "7"]
[EventCountry "CAN"]
[SourceTitle "EXT 2011"]
[Source "ChessBase"]
[SourceDate "2011.11.26"]
[SourceVersion "1"]
[SourceVersionDate "2011.11.26"]
[SourceQuality "1"]

1. e4 c5 2. Nf3 d6 3. d4 cxd4 4. Nxd4 Nf6 5. Nc3 a6 6. Qf3 e6 7. Bd3 Be7 8. O-O O-O 9. Bg5 Qc7 10. Bxf6 Bxf6 11. e5 Bxe5 12. Qe4 f5 13. Qf3 Bxd4 14. Ne2 Bxb2 15. Rab1 Be5 16. Ng3 Bxg3 17. Qxg3 Nc6 18. Qh3 b5 19. g4 Ne5 20. Qg2 Bb7 21. f3 Nxd3 22. cxd3 fxg4 23. Qxg4 e5 24. Rf2 Rf4 25. Qg5 Raf8 26. Rg2 g6 27. Rg4 Rxg4+ 28. fxg4 Qc2 29. Rc1 Qg2# 0-1

[Event "CYCC U08 w"]
[Site "Quebec CAN"]
[Date "2008.07.16"]
[Round "5"]
[White "Peng, Janet"]
[Black "Wang, Emily"]
[Result "1/2-1/2"]
[WhiteElo "1009"]
[BlackElo "702"]
[PlyCount "58"]
[GameId "2160767910353860"]
[EventDate "2008.07.14"]
[EventType "swiss"]
[EventRounds "7"]
[EventCountry "CAN"]
[SourceTitle "EXT 2011"]
[Source "ChessBase"]
[SourceDate "2011.11.26"]
[SourceVersion "1"]
[SourceVersionDate "2011.11.26"]
[SourceQuality "1"]

1. e4 e5 2. Nf3 Nc6 3. Bc4 Nf6 4. Ng5 d5 5. exd5 Nxd5 6. Bxd5 Qxd5 7. Nc3 Qd8 8. d3 Bb4 9. O-O h6 10. Nge4 Qd6 11. Nxd6+ cxd6 12. a3 Bxc3 13. bxc3 O-O 14. Re1 d5 15. Qf3 Be6 16. Qg3 Rfe8 17. Bxh6 g6 18. d4 exd4 19. cxd4 Nxd4 20. Re3 Nxc2 21. Rb1 Nxe3 22. Qxe3 Bf5 23. Qc1 Rac8 24. Qd2 Bxb1 25. Bf4 Rcd8 26. f3 d4 27. Qf2 b5 28. Bd2 d3 29. g4 Re2 1/2-1/2

[Event "CYCC U08 w"]
[Site "Quebec CAN"]
[Date "2008.07.16"]
[Round "5"]
[White "Rakov, Anna"]
[Black "Wang, Kelly"]
[Result "0-1"]
[WhiteElo "497"]
[BlackElo "1388"]
[PlyCount "88"]
[GameId "2160767910353861"]
[EventDate "2008.07.14"]
[EventType "swiss"]
[EventRounds "7"]
[EventCountry "CAN"]
[SourceTitle "EXT 2011"]
[Source "ChessBase"]
[SourceDate "2011.11.26"]
[SourceVersion "1"]
[SourceVersionDate "2011.11.26"]
[SourceQuality "1"]

1. e4 c5 2. Nf3 d6 3. h3 Nf6 4. d3 g6 5. Be2 Bg7 6. O-O O-O 7. Bg5 Nc6 8. Bxf6 Bxf6 9. Nc3 Bd7 10. Re1 Bg7 11. Qd2 Be6 12. Rad1 Qc7 13. Qe3 a6 14. Nd2 Nb4 15. a3 Nxc2 16. Qf3 Nxe1 17. Rxe1 Bh6 18. Rd1 Rad8 19. Qg3 Bg7 20. a4 Rd7 21. Ncb1 d5 22. Nc3 Qxg3 23. fxg3 dxe4 24. dxe4 Bh6 25. Kf1 Rxd2 26. Rxd2 Bxd2 27. Nd5 Bxd5 28. exd5 Rd8 29. d6 exd6 30. b3 Re8 31. Bd3 d5 32. g4 d4 33. g5 Re3 34. Be2 d3 35. Bd1 Re1+ 36. Kf2 Rxd1 37. Kf3 Re1 38. Kf2 Re8 39. Kg3 Bf4+ 40. Kxf4 d2 41. Kf3 d1=Q+ 42. Kf4 Qf1+ 43. Kg4 Qxg2+ 44. Kh4 Re4# 0-1

[Event "CYCC U08 w"]
[Site "Quebec CAN"]
[Date "2008.07.16"]
[Round "6"]
[White "Bilodeau Savaria, Cendrina"]
[Black "Rakov, Anna"]
[Result "1-0"]
[WhiteElo "1046"]
[BlackElo "497"]
[PlyCount "75"]
[GameId "2160767910353862"]
[EventDate "2008.07.14"]
[EventType "swiss"]
[EventRounds "7"]
[EventCountry "CAN"]
[SourceTitle "EXT 2011"]
[Source "ChessBase"]
[SourceDate "2011.11.26"]
[SourceVersion "1"]
[SourceVersionDate "2011.11.26"]
[SourceQuality "1"]

1. d4 d5 2. c4 c6 3. e3 Bf5 4. Nc3 e6 5. Nf3 Bb4 6. Bd2 Bxc3 7. Bxc3 Nf6 8. Be2 O-O 9. O-O b6 10. h3 a5 11. a3 Nbd7 12. Qd2 h6 13. b4 Rb8 14. bxa5 Ra8 15. axb6 Nxb6 16. c5 Na4 17. Bb4 Nb6 18. cxb6 Qxb6 19. Bxf8 Rxf8 20. a4 Ra8 21. a5 Qb7 22. a6 Qb8 23. Bd3 Bxd3 24. Qxd3 Nd7 25. Rfb1 Qc7 26. Rb7 Qc8 27. Qb3 Nf8 28. a7 Ng6 29. Rb8 Rxb8 30. axb8=Q Qxb8 31. Qxb8+ Kh7 32. Ra8 Ne7 33. Qh8+ Kg6 34. g4 Nf5 35. gxf5+ exf5 36. Rg8 Kh5 37. Qxg7 f4 38. Qxf7# 1-0

[Event "CYCC U08 w"]
[Site "Quebec CAN"]
[Date "2008.07.16"]
[Round "6"]
[White "Gao, Christine"]
[Black "Brichko, Kate"]
[Result "0-1"]
[WhiteElo "873"]
[BlackElo "816"]
[PlyCount "40"]
[GameId "2160767910353863"]
[EventDate "2008.07.14"]
[EventType "swiss"]
[EventRounds "7"]
[EventCountry "CAN"]
[SourceTitle "EXT 2011"]
[Source "ChessBase"]
[SourceDate "2011.11.26"]
[SourceVersion "1"]
[SourceVersionDate "2011.11.26"]
[SourceQuality "1"]

1. e4 e5 2. Nf3 Nc6 3. d4 Bd6 4. Nc3 Nf6 5. Be2 Qe7 6. O-O O-O 7. dxe5 Nxe5 8. Nxe5 Qxe5 9. f4 Bc5+ 10. Kh1 Qe7 11. e5 b6 12. exf6 Qxf6 13. Bf3 c6 14. Ne4 Qd4 15. Nxc5 Qxc5 16. b3 Ba6 17. Re1 Rfe8 18. Bb2 Qa5 19. Qxd7 Rxe1+ 20. Rxe1 Qxe1# 0-1

[Event "CYCC U08 w"]
[Site "Quebec CAN"]
[Date "2008.07.16"]
[Round "6"]
[White "Peng, Janet"]
[Black "MacInnis, Maggie Rose"]
[Result "1-0"]
[WhiteElo "1009"]
[BlackElo "910"]
[PlyCount "83"]
[GameId "2160767910353864"]
[EventDate "2008.07.14"]
[EventType "swiss"]
[EventRounds "7"]
[EventCountry "CAN"]
[SourceTitle "EXT 2011"]
[Source "ChessBase"]
[SourceDate "2011.11.26"]
[SourceVersion "1"]
[SourceVersionDate "2011.11.26"]
[SourceQuality "1"]

1. e4 c5 2. Nf3 d6 3. Bc4 e6 4. Ng5 a6 5. d3 b5 6. Bb3 h6 7. Nf3 Nf6 8. Nc3 Be7 9. O-O O-O 10. Bf4 Bb7 11. e5 dxe5 12. Bxe5 Nbd7 13. Re1 b4 14. Bxf6 Nxf6 15. Na4 Qd7 16. Nb6 Qc6 17. Nxa8 Bxa8 18. c4 Rd8 19. Ba4 Qb7 20. a3 Rd4 21. axb4 cxb4 22. Be8 Nxe8 23. Qa4 Nd6 24. Re2 Rxd3 25. Rd1 Rxd1+ 26. Qxd1 Nxc4 27. h3 f6 28. Qf1 Qc6 29. Nh4 Bd8 30. b3 Na3 31. Qd1 Bc7 32. Qe1 Qd6 33. Rxe6 Qh2+ 34. Kf1 Qh1+ 35. Ke2 Qh2 36. Re8+ Kh7 37. Rxa8 Qe5+ 38. Kf1 Qb5+ 39. Qe2 Qc6 40. Qd3+ f5 41. Qxf5+ g6 42. Qf7# 1-0

[Event "CYCC U08 w"]
[Site "Quebec CAN"]
[Date "2008.07.16"]
[Round "6"]
[White "Wang, Emily"]
[Black "Wang, Kelly"]
[Result "0-1"]
[WhiteElo "702"]
[BlackElo "1388"]
[PlyCount "80"]
[GameId "2160767910353865"]
[EventDate "2008.07.14"]
[EventType "swiss"]
[EventRounds "7"]
[EventCountry "CAN"]
[SourceTitle "EXT 2011"]
[Source "ChessBase"]
[SourceDate "2011.11.26"]
[SourceVersion "1"]
[SourceVersionDate "2011.11.26"]
[SourceQuality "1"]

1. e4 c5 2. Nf3 d6 3. d3 Nc6 4. Nc3 Nf6 5. Bg5 g6 6. Bxf6 exf6 7. Be2 Bg7 8. Qd2 Be6 9. O-O Ne5 10. Nxe5 fxe5 11. Rfe1 O-O 12. Rad1 f5 13. exf5 Bxf5 14. Nd5 Be6 15. c4 Bxd5 16. cxd5 Qf6 17. b4 Qxf2+ 18. Kh1 Qd4 19. Bf3 Qxb4 20. Qxb4 cxb4 21. Rb1 a5 22. a4 Rfc8 23. Rbc1 Rc3 24. Rxc3 bxc3 25. Rb1 c2 26. Rc1 Rc8 27. Bd1 cxd1=Q+ 28. Rxd1 Rc2 29. h3 Ra2 30. Rb1 Rxa4 31. Rxb7 Rd4 32. Rb5 a4 33. Ra5 Bh6 34. Ra6 Bf4 35. Kg1 Bg3 36. Kf1 e4 37. dxe4 Rxe4 38. Ra8+ Kg7 39. Ra7+ Kh6 40. Rxa4 Re1# 0-1

[Event "CYCC U08 w"]
[Site "Quebec CAN"]
[Date "2008.07.16"]
[Round "7"]
[White "MacInnis, Maggie Rose"]
[Black "Wang, Emily"]
[Result "1-0"]
[WhiteElo "910"]
[BlackElo "702"]
[PlyCount "53"]
[GameId "2160767910353866"]
[EventDate "2008.07.14"]
[EventType "swiss"]
[EventRounds "7"]
[EventCountry "CAN"]
[SourceTitle "EXT 2011"]
[Source "ChessBase"]
[SourceDate "2011.11.26"]
[SourceVersion "1"]
[SourceVersionDate "2011.11.26"]
[SourceQuality "1"]

1. e4 e5 2. Nf3 Nc6 3. Bb5 Nf6 4. O-O Nxe4 5. Re1 Bc5 6. Rxe4 d6 7. d4 Bb6 8. d5 Bd7 9. dxc6 Bxc6 10. Bxc6+ bxc6 11. Nc3 O-O 12. Bg5 Qd7 13. Nxe5 Qc8 14. Nxc6 Qb7 15. Qd5 Kh8 16. Be7 Rfe8 17. b4 a6 18. Rc4 f6 19. Qf7 h6 20. Rg4 Rg8 21. Nd8 Qc8 22. Ne6 g5 23. Qxf6+ Kh7 24. Nxg5+ Rxg5 25. Qf7+ Kh8 26. Bf6+ Rg7 27. Qxg7# 1-0

[Event "CYCC U08 w"]
[Site "Quebec CAN"]
[Date "2008.07.16"]
[Round "7"]
[White "Wang, Kelly"]
[Black "Bilodeau Savaria, Cendrina"]
[Result "1-0"]
[WhiteElo "1388"]
[BlackElo "1046"]
[PlyCount "101"]
[GameId "2160767910353867"]
[EventDate "2008.07.14"]
[EventType "swiss"]
[EventRounds "7"]
[EventCountry "CAN"]
[SourceTitle "EXT 2011"]
[Source "ChessBase"]
[SourceDate "2011.11.26"]
[SourceVersion "1"]
[SourceVersionDate "2011.11.26"]
[SourceQuality "1"]

1. e4 c5 2. Nf3 d6 3. d4 cxd4 4. Nxd4 Nc6 5. Nc3 e5 6. Nb3 Nf6 7. Bc4 Be7 8. Bg5 a6 9. Bxf6 Bxf6 10. a4 O-O 11. Nd5 Bd7 12. a5 Bc8 13. Nb6 Rb8 14. O-O Re8 15. Qe2 Rf8 16. Rad1 Be7 17. Nc5 Qe8 18. Nd3 Kh8 19. f4 f5 20. fxe5 dxe5 21. exf5 Bxf5 22. Nxe5 Nxe5 23. Qxe5 Bg6 24. Rxf8+ Bxf8 25. Qxe8 Rxe8 26. Bd3 Rd8 27. Be2 Rxd1+ 28. Bxd1 Kg8 29. c3 Kf7 30. Bf3 Bd3 31. Bxb7 Ke6 32. c4 Bc5+ 33. Kh1 Kd6 34. Bxa6 Kc6 35. Bb5+ Kb7 36. Nd7 Ba7 37. Ne5 Be4 38. Nf7 h6 39. Nd6+ Kc7 40. Nxe4 Kb7 41. b4 Kc7 42. c5 Kb7 43. Ba4 g5 44. b5 Bb8 45. a6+ Ka7 46. Nd6 h5 47. Nc8+ Ka8 48. b6 Be5 49. b7+ Kb8 50. c6 Bc7 51. a7# 1-0

[Event "CYCC U08 w"]
[Site "Quebec CAN"]
[Date "2008.07.17"]
[Round "7"]
[White "Brichko, Kate"]
[Black "Peng, Janet"]
[Result "0-1"]
[WhiteElo "816"]
[BlackElo "1009"]
[PlyCount "54"]
[GameId "2160767910353868"]
[EventDate "2008.07.14"]
[EventType "swiss"]
[EventRounds "7"]
[EventCountry "CAN"]
[SourceTitle "EXT 2011"]
[Source "ChessBase"]
[SourceDate "2011.11.26"]
[SourceVersion "1"]
[SourceVersionDate "2011.11.26"]
[SourceQuality "1"]

1. e4 e5 2. Bc4 Nf6 3. Nf3 Nc6 4. Ng5 d5 5. Bb3 Bc5 6. Nh3 Nxe4 7. Rf1 O-O 8. d3 Nf6 9. Bg5 h6 10. Bxh6 gxh6 11. d4 exd4 12. c4 Bb4+ 13. Nd2 Qe8+ 14. Qe2 Qxe2+ 15. Kxe2 Bg4+ 16. f3 Bxh3 17. gxh3 Rfe8+ 18. Kd1 dxc4 19. Rg1+ Kh7 20. Kc2 cxb3+ 21. Nxb3 Re2+ 22. Kd3 Rae8 23. Nd2 R8e3+ 24. Kc2 Rxd2+ 25. Kc1 Re5 26. Rg3 Rc5+ 27. Kb1 Rd1# 0-1

[Event "CYCC U08 w"]
[Site "Quebec CAN"]
[Date "2008.07.17"]
[Round "7"]
[White "Rakov, Anna"]
[Black "Gao, Christine"]
[Result "0-1"]
[WhiteElo "497"]
[BlackElo "873"]
[PlyCount "62"]
[GameId "2160767910353869"]
[EventDate "2008.07.14"]
[EventType "swiss"]
[EventRounds "7"]
[EventCountry "CAN"]
[SourceTitle "EXT 2011"]
[Source "ChessBase"]
[SourceDate "2011.11.26"]
[SourceVersion "1"]
[SourceVersionDate "2011.11.26"]
[SourceQuality "1"]

1. e4 c5 2. Bb5 Nf6 3. d3 e6 4. Bf4 Be7 5. Nf3 O-O 6. O-O d6 7. Nbd2 b6 8. d4 cxd4 9. Nxd4 Bb7 10. Bg5 Nxe4 11. Bxe7 Qxe7 12. Be2 Qg5 13. Bf3 Qe5 14. c3 Nd7 15. Qe2 d5 16. Qd3 Nxd2 17. Qxd2 Nc5 18. b3 Ne4 19. Bxe4 dxe4 20. b4 Qd5 21. Qc2 e3 22. fxe3 f5 23. c4 Qd6 24. Rfe1 Qxb4 25. Rab1 Qd6 26. Rb5 Rac8 27. Qb1 Rc5 28. Rc1 Rxb5 29. Qxb5 e5 30. Nc2 Qd2 31. Qb2 Qxg2# 0-1

[Event "CYCC U10"]
[Site "Quebec CAN"]
[Date "2008.07.14"]
[Round "1"]
[White "Brichko, Michael"]
[Black "Levesque, Brale"]
[Result "1-0"]
[WhiteElo "1541"]
[BlackElo "1226"]
[PlyCount "101"]
[GameId "2160767910353870"]
[EventDate "2008.07.14"]
[EventType "swiss"]
[EventRounds "7"]
[EventCountry "CAN"]
[SourceTitle "EXT 2011"]
[Source "ChessBase"]
[SourceDate "2011.11.26"]
[SourceVersion "1"]
[SourceVersionDate "2011.11.26"]
[SourceQuality "1"]

1. e4 Nc6 2. Nf3 Nf6 3. Nc3 d5 4. e5 Ne4 5. d4 Bg4 6. Be3 e6 7. a3 a6 8. Be2 Be7 9. O-O O-O 10. Nd2 Bxe2 11. Qxe2 Bg5 12. f4 Bh6 13. Ndxe4 dxe4 14. Rad1 f5 15. exf6 Rxf6 16. Nxe4 Rf7 17. Nc5 Qc8 18. Bc1 Rf6 19. Ne4 Rf7 20. g4 g6 21. g5 Bg7 22. c3 Qd8 23. Nc5 Bxd4+ 24. cxd4 Qd6 25. Qxe6 Qxe6 26. Nxe6 Re8 27. d5 Nb8 28. Rfe1 c6 29. dxc6 Nxc6 30. Nc5 Rxe1+ 31. Rxe1 Re7 32. Rxe7 Nxe7 33. Nxb7 Nd5 34. Nc5 a5 35. Bd2 Kg7 36. Nb7 h5 37. gxh6+ Kxh6 38. f5+ g5 39. h4 Nf4 40. hxg5+ Kxg5 41. Bxf4+ Kxf4 42. f6 Ke3 43. f7 Kd3 44. f8=Q Kc4 45. Nxa5+ Kd3 46. b4 Kd4 47. b5 Kc3 48. b6 Kd4 49. b7 Kd5 50. b8=Q Ke6 51. Qbd6# 1-0

[Event "CYCC U10"]
[Site "Quebec CAN"]
[Date "2008.07.14"]
[Round "1"]
[White "Doknjas, John"]
[Black "De Forest, David"]
[Result "1-0"]
[WhiteElo "1615"]
[BlackElo "1233"]
[PlyCount "51"]
[GameId "2160767910353871"]
[EventDate "2008.07.14"]
[EventType "swiss"]
[EventRounds "7"]
[EventCountry "CAN"]
[SourceTitle "EXT 2011"]
[Source "ChessBase"]
[SourceDate "2011.11.26"]
[SourceVersion "1"]
[SourceVersionDate "2011.11.26"]
[SourceQuality "1"]

1. d4 Nf6 2. c4 e6 3. Nc3 Bb4 4. f3 O-O 5. a3 Ba5 6. b4 Bb6 7. c5 Nd5 8. Nxd5 exd5 9. cxb6 cxb6 10. Qb3 Qh4+ 11. g3 Qxd4 12. Qb2 Nc6 13. Qxd4 Nxd4 14. Rb1 a5 15. e3 Re8 16. Kf2 Nf5 17. bxa5 bxa5 18. Bd3 d6 19. Ne2 Rb8 20. Nd4 Nxd4 21. exd4 b5 22. Rxb5 Rxb5 23. Bxb5 Re7 24. Bd2 a4 25. Re1 Rxe1 26. Bxe1 1-0